| 000 | 01222nam0a2200349 i 4500 | ||
|---|---|---|---|
| 001 | RU\NLR\BIBL_A\010355371 | ||
| 005 | 20260406160121.0 | ||
| 010 |
_a9785917612720 _97000 |
||
| 021 |
_aRU _b2014-19189 _91194 |
||
| 035 | _a(NILC)RuMoRGB-006762909 | ||
| 035 | _a(NLR Aleph) 010355371 | ||
| 090 |
_a10761050 _c10761050 |
||
| 100 | _a20140512d2014 m y0rusy50 ca | ||
| 101 | 0 | _arus | |
| 102 | _aRU | ||
| 105 | _ay|||z|||000zy | ||
| 200 | 1 |
_aТаинство радости _fСв. Тихон Задонский |
|
| 210 |
_aМосква _cНикея _d2014 |
||
| 215 |
_a184 с. _d16 |
||
| 225 | 1 | _aБальзам для души | |
| 606 |
_aДуховно-нравственное чтение _92074545 _3RU\NLR\AUTH\661249549 |
||
| 675 | _a271.22 | ||
| 686 | 1 | _aЭ372.24-681.2 | |
| 700 | 0 |
_7ca _8rus _aТихон Задонский _cСоколов, Тимофей Савельевич _cепископ _f1724-1783 _9118044 _3RU\NLR\AUTH\778127 |
|
| 801 | 0 |
_aRU _bRuMoRKP _c20140317 _gRCR |
|
| 801 | 2 |
_aRU _bРГБ _c20140402 _grcr |
|
| 801 | 1 |
_aRU _bRuMoRKP _c20140317 _2rusmarc |
|
| 942 | _cBOOK | ||
| 980 | _aNBR | ||